Métaphysique du jeune humaniste canadien

Збережено в:
Бібліографічні деталі
Автор: Corbeil, Sylvio (Автор)
Формат: Книга
Мова:Французька
Опубліковано: Montreal Beauchemin 1939
Предмети:
Теги: Додати тег
Немає тегів, Будьте першим, хто поставить тег для цього запису!

MARC

LEADER 00000nam a2200000 a 4500
001 UCH2422
003 CL-VaPUC
008 090611e19390000CN |||||||||||||||||fre|d
082 0 4 |a 110  |b COR  |2 21 
100 0 |a Corbeil, Sylvio  |e author  |9 537227 
245 1 0 |a Métaphysique du jeune humaniste canadien 
300 |a 167 p 
942 |c BK 
945 |d 20090611 00:00:00  |a dcastane 
260 |a Montreal  |b Beauchemin  |c 1939 
650 0 |a Metafísica  |9 265649 
650 0 |a Filosofía moderna  |9 258121 
651 7 |a CANADA  |2 CL-VaPUC  |9 537228 
583 |a last modification  |c 20090611 00:00:00  |k Rodrigo Vera 
999 |c 334162  |d 334160 
952 |0 0  |1 0  |4 0  |6 110_000000000000000_COR_1939  |7 0  |8 X  |9 422996  |a FDOBUD  |b FDOBUD  |d 2019-11-22  |i 4555899  |o 110 COR 1939  |p 4555899  |r 2019-11-22  |w 2019-11-22  |y BK_X  |k BUD